000 00620nam a2200181Ia 4500
008 151202s9999||||xx |||||||||||||| ||und||
082 _bPNVM-76667
100 _aप्रभु मीना
245 _aवाट तिबेटची
260 _b"पुरंदरे प्रकाशन,१२२८ सदाशिव पेठ,पुणे -४११०३०"
260 _c2015
300 _a336
600 _aप्रभु मीना
630 _aवाट तिबेटची
700 _aप्रभु मीना
730 _aवाट तिबेटची
942 _cBOOK
999 _c1343326
_d1343323